STAR WARS all seperatist battle broid types and variants - Statistics

General Stats
  • This quiz has been taken 24 times
  • The average score is 4 of 62
Answer Stats
Answer % Correct
B1 battle droid
81%
Droideka
76%
B2 super battle droid
57%
B1 pilot droid
19%
BX commando droid
19%
B1 firefighter droid
14%
B1 rocket droid
14%
B1 security droid
14%
B1 commander droid
10%
Buzz droid
10%
B1 rocket battle droid
5%
B1 tank driver droid
5%
Grenadier droid
5%
IG-100 magnaguard
5%
IG lancer droid
5%
Mega droid
5%
Super tactical droid
5%
Tactical droid
5%
Ultra droideka
5%
ADSD advanced dwarf spider droid
0%
Advanced battle droid
0%
AQ aqua battle droid
0%
A-series assassin droid
0%
Assassin probe droid
0%
B1 grapple droid
0%
B1 heavy battle driod
0%
B1 recon battle droid
0%
B1 repeater blaster droid
0%
B2 amc super battle droid
0%
B2 cortisis super battle droid
0%
B2 grapple super battle droid
0%
B2HA super battle droid
0%
B2rp rocket super battle droid
0%
B2 super rocket trouper droid
0%
B3 ultra battle droid
0%
Bl battle legionnaire
0%
C-8 saboteur droid
0%
Chameleon droid
0%
Collicoid infiltrator series droid
0%
CWW8 battle droid
0%
D1 aerial battle droid
0%
Decimator droid
0%
Droideka mark 2
0%
Droideka sharpshooter
0%
DSD1 dwarf spider droid
0%
DSD1 heavy dwarf spider droid
0%
E4 baron droid
0%
General grevious
0%
Hk-77 assassin droid
0%
HKB-3 hunter killer droid
0%
IG-110 lightsaber droid
0%
IG-86 assassin droid
0%
IG-86 sentinel droid
0%
Infiltrator demolition droid
0%
LM-432 crab droid
0%
LR-57 retail droid
0%
Morp droid
0%
Mosquito droid
0%
MR-200 minesweeper droid
0%
Probe droid
0%
Sabotage droid
0%
Stealth droid
0%
No matching quizzes found
Score Distribution
Percent of People with Each Score
Percentile by Number Answered
Your Score History
You have not taken this quiz